[Event "Top Jeunes"]
[Site "Montpellier"]
[Date "2010.12.19"]
[Round "7.3"]
[White "Stark, Gabriel"]
[Black "Bourgery, William"]
[Result "1-0"]
[WhiteElo "1778"]
[BlackElo "1575"]
[PlyCount "77"]

1. d4 d5 2. c4 c6 3. Nc3 dxc4 4. a4 e5 5. dxe5 Qxd1+ 6. Nxd1 Be6 7. e3 Nd7 8.
f4 Nc5 9. Nf3 Nb3 10. Rb1 Bf5 11. Bxc4 Bxb1 12. Bxb3 Bb4+ 13. Nc3 Ne7 14. Bd2
Bd3 15. Ng5 O-O 16. h4 h6 17. Nf3 Bxc3 18. Bxc3 Nd5 19. Bd2 Rad8 20. g4 c5 21.
h5 Be4 22. Rh3 Nb4 23. e6 Nc2+ 24. Bxc2 Rxd2 25. Kxd2 Rd8+ 26. Kc1 Bxc2 27.
exf7+ Kxf7 28. Kxc2 Ke6 29. g5 Kf5 30. Rg3 Re8 31. gxh6 gxh6 32. Nh4+ Ke4 33.
f5 Rf8 34. Kc3 Rd8 35. f6 a6 36. f7 b5 37. Rg8 Rd3+ 38. Kc2 Kxe3 39. Rg3+ 1-0

[Event "Top Jeunes"]
[Site "Montpellier"]
[Date "2010.12.19"]
[Round "7.5"]
[White "Stark, Antoine"]
[Black "Ferrari, Louis"]
[Result "0-1"]
[WhiteElo "1675"]
[BlackElo "1608"]
[PlyCount "100"]

1. d4 Nf6 2. c4 g6 3. Nc3 d5 4. cxd5 Nxd5 5. e4 Nxc3 6. bxc3 c5 7. Nf3 Bg7 8.
Bb5+ Bd7 9. Qa4 Nc6 10. O-O a6 11. Bxc6 Bxc6 12. Qc2 cxd4 13. cxd4 Bxd4 14. Rd1
Bxa1 15. Rxd8+ Rxd8 16. h3 O-O 17. Bb2 Bxb2 18. Qxb2 Bxe4 19. Ne5 Rd1+ 20. Kh2
Rfd8 21. Ng4 f6 22. Qb3+ Kg7 23. Qb4 R8d7 24. Qxe4 R1d6 25. Qf3 Rd3 26. Ne3 b5
27. Qg4 Kf7 28. Qh4 Kg7 29. Qf4 R7d4 30. Qf3 Rd7 31. Qe4 R3d4 32. Qe6 R4d6 33.
Qg4 Kf7 34. f4 Rd3 35. f5 R7d4 36. fxg6+ hxg6 37. Qe2 Rd2 38. Qe1 Rxa2 39. Qc3
Rad2 40. Ng4 b4 41. Qb3+ Kg7 42. Qe6 Rd7 43. Qxa6 b3 44. Ne3 b2 45. Qb5 Rc7 46.
Nd1 Rcc2 47. Nxb2 Rxg2+ 48. Kh1 Rxb2 49. Qd7 Rge2 50. Kg1 Re1# 0-1

[Event "Top Jeunes"]
[Site "Montpellier"]
[Date "2010.12.19"]
[Round "7.6"]
[White "Baudry, Emilien"]
[Black "Le Cour, Hugo"]
[Result "1-0"]
[WhiteElo "1559"]
[BlackElo "1372"]
[PlyCount "51"]

1. d4 Nf6 2. Bg5 d6 3. Nf3 Nbd7 4. e3 g6 5. Bc4 Bg7 6. O-O O-O 7. Re1 Re8 8. c3
b6 9. Qd3 Rf8 10. Nbd2 Bb7 11. e4 a5 12. e5 a4 13. Qc2 dxe5 14. dxe5 Bd5 15.
exf6 Bxc4 16. fxe7 Qe8 17. exf8=Q+ Qxf8 18. Nxc4 Nf6 19. Rad1 b5 20. Nce5 Qc8
21. Nc6 Kh8 22. Re7 Qg4 23. Nce5 Qc8 24. Nxf7+ Kg8 25. Nh6+ Kh8 26. Rf7 1-0

[Event "Top Jeunes"]
[Site "Montpellier"]
[Date "2010.12.19"]
[Round "7.7"]
[White "Coulet, Arthur"]
[Black "Hebert, Floriane"]
[Result "1-0"]
[WhiteElo "1325"]
[BlackElo "1419"]
[PlyCount "54"]

1. d4 d5 2. c4 e6 3. Nc3 Nf6 4. cxd5 exd5 5. Bg5 Bb4 6. e3 O-O 7. Bd3 Qd6 8.
Nge2 Ne4 9. Bf4 Qb6 10. O-O Bxc3 11. bxc3 Nc6 12. Qc2 g6 13. Rab1 Qa5 14. Rb5
Qa3 15. Rxd5 Nf6 16. Rb5 Qe7 17. f3 a6 18. Rb2 Nd5 19. e4 Nxf4 20. Nxf4 Qg5 21.
Ne2 Rd8 22. f4 Qe7 23. Rbb1 Bg4 24. Rxb7 Bxe2 25. Qxe2 Nb8 26. Qg4 Qd6 27. f5
Nd7 1-0

[Event "Top Jeunes"]
[Site "Montpellier"]
[Date "2010.12.19"]
[Round "7.8"]
[White "Coulet, Axel"]
[Black "Petit, Jimmy"]
[Result "0-1"]
[WhiteElo "1190"]
[BlackElo "1280"]
[PlyCount "46"]

1. d4 d5 2. c4 e6 3. Nc3 Nf6 4. Bg5 h6 5. Bxf6 Qxf6 6. Nf3 Qd8 7. e3 Nc6 8. Bd3
Bd6 9. O-O O-O 10. Qc2 Kh8 11. c5 Nb4 12. Qb1 Nxd3 13. Qxd3 Be7 14. Rad1 b6 15.
cxb6 axb6 16. Qb5 Ba6 17. Qb4 Bxb4 18. Rfe1 Bxc3 19. bxc3 Bc4 20. Ne5 Rxa2 21.
e4 Qf6 22. Nd7 Qxf2+ 23. Kh1 Qxg2# 0-1

[Event "Top Jeunes"]
[Site "Montpellier"]
[Date "2010.12.19"]
[Round "7.9"]
[White "Petit, Jimmy"]
[Black "Coulet, Arthur"]
[Result "0-1"]
[WhiteElo "1280"]
[BlackElo "1325"]
[PlyCount "58"]

1. e4 e6 2. d4 d5 3. e5 c5 4. Nf3 cxd4 5. Nxd4 Nc6 6. Nxc6 bxc6 7. Nc3 f6 8.
exf6 Nxf6 9. Bd2 Bd6 10. Bd3 Qc7 11. g3 O-O 12. Qf3 Ne4 13. Qh5 Nf6 14. Qh4 e5
15. Bg5 e4 16. Be2 Bb4 17. Bf4 Qd7 18. h3 d4 19. Bg4 Qf7 20. Bxc8 Raxc8 21.
O-O-O dxc3 22. Be5 cxb2+ 23. Kb1 Be7 24. Bxb2 Rb8 25. Ka1 Nd5 26. Qxe4 Qf5 27.
Qc4 Qxf2 28. Qg4 Bf6 29. Bxf6 Qxf6+ 0-1

[Event "Top Jeunes"]
[Site "Montpellier"]
[Date "2010.12.19"]
[Round "7.10"]
[White "Hebert, Floriane"]
[Black "Coulet, Axel"]
[Result "1-0"]
[WhiteElo "1419"]
[BlackElo "1190"]
[PlyCount "117"]

1. e4 e6 2. Nc3 d5 3. exd5 exd5 4. d4 Nf6 5. Nf3 Nc6 6. Bg5 Be7 7. Bb5 O-O 8.
h3 h6 9. Bf4 a6 10. Bxc6 bxc6 11. Ne5 Qd6 12. O-O Nh5 13. Qxh5 Be6 14. Qe2 f6
15. Ng6 Qd7 16. Nxf8 Rxf8 17. Qf3 c5 18. dxc5 Bxc5 19. Rfd1 g5 20. Bh2 g4 21.
hxg4 Bxg4 22. Qxd5+ Qxd5 23. Rxd5 Bb6 24. Kf1 Be6 25. Rd2 Bc4+ 26. Kg1 f5 27.
b3 Ba5 28. Rd7 Bxc3 29. Rad1 Be2 30. R1d5 Bb5 31. Rd8 Be8 32. Bxc7 Bf6 33. Bd6
Bxd8 34. Bxf8 Kxf8 35. Rxd8 Ke7 36. Rd4 Bg6 37. c4 f4 38. Rxf4 Bb1 39. a4 Ba2
40. b4 Bb3 41. a5 Kd6 42. b5 axb5 43. cxb5 Bd5 44. Rd4 Kc5 45. Rxd5+ Kxd5 46.
a6 Kc5 47. a7 Kxb5 48. a8=Q Kc5 49. Qd8 h5 50. Kf1 h4 51. Ke1 Kc4 52. f4 Kc5
53. f5 Kc6 54. f6 Kc5 55. f7 Kc4 56. f8=Q Kc3 57. Qc5+ Kb3 58. Qb8+ Ka4 59.
Qcb4# 1-0

[Event "Top Jeunes"]
[Site "Mulhouse"]
[Date "2010.12.18"]
[Round "4.1"]
[White "Kirk, Ezra"]
[Black "Sok, Michael"]
[Result "1/2-1/2"]
[WhiteElo "2127"]
[BlackElo "1717"]
[PlyCount "128"]
[EventDate "18.??.??"]
[WhiteTeam "Clichy"]
[BlackTeam "Potemkine"]

1. d4 d5 2. c4 c6 3. Nc3 e6 4. Nf3 dxc4 5. a4 Bb4 6. e3 b5 7. Bd2 a5 8. axb5
Bxc3 9. Bxc3 cxb5 10. b3 Bb7 11. bxc4 b4 12. Bb2 Nf6 13. Bd3 Nbd7 14. O-O O-O
15. Re1 Ne4 16. Qc2 Ndf6 17. Ne5 h6 18. f3 Ng5 19. c5 Qc7 20. e4 Ba6 21. Nc4
Bxc4 22. Qxc4 Qc6 23. Qc2 a4 24. h4 Ngh7 25. e5 Rfb8 26. exf6 Nxf6 27. Qc4 Nd5
28. Bc1 a3 29. Qb3 Qa4 30. Bc4 Qxb3 31. Bxb3 Rd8 32. Bd2 Nc3 33. Bxc3 bxc3 34.
Rec1 Rxd4 35. Rxc3 Rxh4 36. c6 Rb4 37. c7 Rc8 38. Rxa3 Rb7 39. Bc2 Kf8 40. Ra8
Rxa8 41. Be4 Rxc7 42. Rxc7 Rd8 43. Kf2 g6 44. Ke3 Kg7 45. Kf4 Kf6 46. Bc6 Rd4+
47. Ke3 Rd8 48. Ke4 Rb8 49. Rb7 Rd8 50. Bd7 Ke7 51. Bb5+ Kf6 52. g3 Rc8 53. f4
g5 54. Kf3 gxf4 55. gxf4 Rg8 56. Bc6 e5 57. fxe5+ Kxe5 58. Rxf7 Rg6 59. Re7+
Re6 60. Rc7 Kd6 61. Rc8 Rf6+ 62. Kg4 Rg6+ 63. Kh5 Rg5+ 64. Kxh6 Rc5 1/2-1/2

[Event "Top Jeunes"]
[Site "Mulhouse"]
[Date "2010.12.18"]
[Round "4.2"]
[White "Figiel, Alexis"]
[Black "Eid, Maha"]
[Result "0-1"]
[WhiteElo "1737"]
[BlackElo "2067"]
[PlyCount "74"]
[EventDate "18.??.??"]
[WhiteTeam "Potemkine"]
[BlackTeam "Clichy"]

1. Nf3 c5 2. c4 Nc6 3. Nc3 g6 4. g3 Bg7 5. Bg2 d6 6. d3 e5 7. O-O Nge7 8. Bd2
O-O 9. Qc1 Rb8 10. Bh6 a6 11. Bxg7 Kxg7 12. Rd1 b5 13. b3 b4 14. Nd5 Nxd5 15.
cxd5 Na7 16. Nd2 Nb5 17. Re1 Bb7 18. Qb2 Nc3 19. e4 Nb5 20. Rad1 Bc8 21. h3 f5
22. f4 Nc3 23. fxe5 dxe5 24. Nb1 Nxd1 25. Qxe5+ Qf6 26. Qxb8 Qd4+ 27. Kh2 Ne3
28. Rg1 Nxg2 29. Rxg2 fxe4 30. Qc7+ Kg8 31. dxe4 Qxe4 32. Qxc5 Qxb1 33. Qxb4
Rf1 34. g4 Rh1+ 35. Kg3 Qd3+ 36. Kf4 Qxd5 37. Rf2 Rxh3 0-1

[Event "Top Jeunes"]
[Site "Mulhouse"]
[Date "2010.12.18"]
[Round "4.3"]
[White "Kambrath, Yannick"]
[Black "Lutard, Florian"]
[Result "1-0"]
[WhiteElo "2044"]
[BlackElo "1712"]
[PlyCount "55"]
[EventDate "18.??.??"]
[WhiteTeam "Clichy"]
[BlackTeam "Potemkine"]

1. d4 d5 2. c4 dxc4 3. e4 Nf6 4. e5 Nd5 5. Bxc4 Nb6 6. Bb3 e6 7. Nf3 c5 8. O-O
Nc6 9. Bg5 Be7 10. Bxe7 Qxe7 11. dxc5 Qxc5 12. Qe2 O-O 13. Nc3 Qe7 14. Rfd1 Bd7
15. Ne4 Na5 16. Bc2 Bc6 17. Nd6 Bxf3 18. Qxf3 Nd5 19. Qh3 g6 20. Be4 Nc6 21.
Qg3 Rfd8 22. Bxd5 exd5 23. Rxd5 Nxe5 24. Nf5 Nf3+ 25. gxf3 Qe2 26. Rxd8+ Rxd8
27. Nh6+ Kg7 28. Ng4 1-0

[Event "Top Jeunes"]
[Site "Mulhouse"]
[Date "2010.12.18"]
[Round "4.4"]
[White "Baldi, Valentine"]
[Black "Eid, Amine"]
[Result "0-1"]
[WhiteElo "1624"]
[BlackElo "1917"]
[PlyCount "80"]
[EventDate "18.??.??"]
[WhiteTeam "Potemkine"]
[BlackTeam "Clichy"]

1. d4 Nf6 2. c4 c5 3. d5 b5 4. cxb5 a6 5. Nc3 Qa5 6. Bd2 axb5 7. Ne4 Qb6 8.
Nxf6+ Qxf6 9. Bc3 Qb6 10. b3 b4 11. Bb2 Ba6 12. Nf3 d6 13. g3 c4 14. bxc4 Bxc4
15. Rc1 Qa6 16. Qd4 Bxa2 17. e4 Qb7 18. Bh3 Na6 19. e5 Qxd5 20. Qg4 Nc5 21. O-O
Qe4 22. exd6 Qxg4 23. Bxg4 exd6 24. Rfe1+ Be6 25. Rcd1 O-O-O 26. Bxe6+ Nxe6 27.
Rc1+ Kb7 28. Nd4 Nc5 29. Nf5 Nd3 30. Bxg7 Bxg7 31. Re7+ Kb6 32. Rd1 Nb2 33. Rc1
Bc3 34. Rxf7 d5 35. Ra1 Rhf8 36. Ne3 d4 37. Nd5+ Kc5 38. Ra5+ Kc4 39. Nf4 d3
40. Nxd3 Nxd3 0-1

[Event "Top Jeunes"]
[Site "Mulhouse"]
[Date "2010.12.18"]
[Round "4.5"]
[White "Vigna, Leo"]
[Black "Lutard, Theo"]
[Result "0-1"]
[WhiteElo "1685"]
[BlackElo "1630"]
[PlyCount "94"]
[EventDate "18.??.??"]
[WhiteTeam "Clichy"]
[BlackTeam "Potemkine"]

1. e4 e5 2. Nf3 Nc6 3. Nc3 Nf6 4. Bb5 d6 5. d4 exd4 6. Nxd4 Bd7 7. Bg5 Be7 8.
Nxc6 bxc6 9. Bc4 Be6 10. Bxe6 fxe6 11. Qf3 O-O 12. e5 Nd5 13. Bxe7 Nxe7 14. Qg4
Nf5 15. O-O-O d5 16. Qa4 Qd7 17. Ne4 Rfb8 18. Nc5 Qe8 19. Na6 Rb7 20. Qa5 Qe7
21. Qc5 Qd7 22. Nb4 Rb6 23. c4 Rab8 24. a3 Qe7 25. Qxe7 Nxe7 26. cxd5 cxd5 27.
Rd2 c5 28. Nd3 c4 29. Nb4 a5 30. Na2 Ng6 31. Re1 Nf4 32. Kd1 Rxb2 33. Rxb2 Rxb2
34. Nc3 Nxg2 35. Re2 Rb3 36. Rc2 Rxa3 37. Nb5 Ra1+ 38. Rc1 Rxc1+ 39. Kxc1 Kf7
40. Nd4 Nf4 41. Nc6 a4 42. f3 Ke8 43. Kb2 Kd7 44. Nb8+ Kc7 45. Na6+ Kb6 46. Nb8
Kb5 47. Kc3 a3 0-1

[Event "Top Jeunes"]
[Site "Mulhouse"]
[Date "2010.12.18"]
[Round "4.6"]
[White "Commercon, Joachim"]
[Black "Kieffer, Anatole"]
[Result "0-1"]
[WhiteElo "1615"]
[BlackElo "1671"]
[PlyCount "92"]
[EventDate "18.??.??"]
[WhiteTeam "Potemkine"]
[BlackTeam "Clichy"]

1. e4 e5 2. Nc3 Nf6 3. f4 d5 4. d3 dxe4 5. fxe5 Nfd7 6. Nxe4 Nxe5 7. Nf3 Nbc6
8. Bf4 Nxf3+ 9. Qxf3 Nd4 10. Qf2 f5 11. Be3 Nc6 12. Nc3 Bd6 13. Be2 O-O 14. Bf4
Re8 15. O-O-O Bxf4+ 16. Qxf4 Nd4 17. Bf3 Nxf3 18. gxf3 Qd6 19. Qg5 Be6 20. Rhg1
Re7 21. h4 a6 22. h5 Rf8 23. h6 g6 24. Qh4 Ree8 25. d4 b5 26. d5 Bd7 27. Qd4
Qe5 28. Qxe5 Rxe5 29. Rge1 Rfe8 30. Rxe5 Rxe5 31. d6 c6 32. a3 Kf7 33. Kd2 Re6
34. Kc1 g5 35. Rg1 Kg6 36. f4 g4 37. Nd1 Kxh6 38. Nf2 Rxd6 39. Nd3 Kg7 40. Ne5
Be8 41. c3 h5 42. Rh1 Rh6 43. Nd3 h4 44. Ne1 h3 45. Kd2 c5 46. Ke2 Bc6 0-1

[Event "Top Jeunes"]
[Site "Mulhouse"]
[Date "2010.12.18"]
[Round "4.7"]
[White "Banat, Rayan"]
[Black "Ea, Thibault"]
[Result "1/2-1/2"]
[WhiteElo "1560"]
[BlackElo "1528"]
[PlyCount "63"]
[EventDate "18.??.??"]
[WhiteTeam "Clichy"]
[BlackTeam "Potemkine"]

1. d4 d5 2. Nf3 e6 3. Bf4 Nf6 4. h3 Nbd7 5. e3 Be7 6. Bd3 c6 7. c3 b5 8. b4 a5
9. Qd2 axb4 10. cxb4 Nb6 11. a3 Bd6 12. Bxd6 Qxd6 13. Ne5 Bb7 14. O-O O-O 15.
f3 Rac8 16. Rc1 Rfd8 17. g4 Na4 18. g5 Nh5 19. Qg2 g6 20. Nc3 Nxc3 21. Rxc3 Ng7
22. Rac1 Rc7 23. Bxb5 Rdc8 24. Bd3 Ra8 25. b5 Rxa3 26. Rxa3 Qxa3 27. Qc2 Qa8
28. bxc6 Ba6 29. Bxa6 Qxa6 30. Kg2 Nf5 31. Re1 Ne7 32. Rc1 1/2-1/2

[Event "Top Jeunes"]
[Site "Mulhouse"]
[Date "2010.12.18"]
[Round "4.8"]
[White "Vigna, Liza"]
[Black "Alary, Antoine"]
[Result "1-0"]
[WhiteElo "1680"]
[BlackElo "1220"]
[PlyCount "63"]
[EventDate "18.??.??"]
[WhiteTeam "Clichy"]
[BlackTeam "Potemkine"]

1. e4 e5 2. Nf3 Nf6 3. Nc3 Nc6 4. d4 exd4 5. Nxd4 Bb4 6. Nxc6 bxc6 7. Bd3 d5 8.
e5 Nd7 9. O-O O-O 10. Qe2 Re8 11. Bf4 f6 12. Qh5 h6 13. exf6 Nxf6 14. Qg6 Re6
15. Bf5 Re8 16. Bxh6 Bf8 17. Bd3 Re6 18. Qg3 Ne4 19. Nxe4 dxe4 20. Bc4 Qf6 21.
Bxe6+ Bxe6 22. Be3 Bd6 23. Qg5 Qxb2 24. Rfc1 Bxa2 25. c3 Be6 26. Bd4 Bf8 27. h4
Bf7 28. h5 c5 29. Be5 c6 30. h6 g6 31. Qf6 Be8 32. h7+ 1-0

[Event "Top Jeunes"]
[Site "Mulhouse"]
[Date "2010.12.18"]
[Round "4.9"]
[White "Alary, Antoine"]
[Black "Banat, Rayan"]
[Result "1-0"]
[WhiteElo "1220"]
[BlackElo "1560"]
[PlyCount "40"]
[EventDate "18.??.??"]
[WhiteTeam "Potemkine"]
[BlackTeam "Clichy"]

1. e4 d5 2. exd5 Qxd5 3. Nc3 Qa5 4. d4 c6 5. Nf3 Nf6 6. Bc4 Bf5 7. O-O h6 8.
Bd2 Qc7 9. Be3 e6 10. Qe2 Bd6 11. Nh4 Bh7 12. Nf3 O-O 13. Bd2 Nbd7 14. Rfe1
Bxc2 15. Bxh6 Bh7 16. Bg5 Rfc8 17. Bxf6 Nxf6 18. Rad1 Rd8 19. Ne5 Bxe5 20. Qxe5
Rd7 {suite illisible} 1-0

[Event "Top Jeunes"]
[Site "Mulhouse"]
[Date "2010.12.18"]
[Round "4.10"]
[White "Ea, Thibault"]
[Black "Vigna, Liza"]
[Result "1-0"]
[WhiteElo "1528"]
[BlackElo "1680"]
[PlyCount "77"]
[EventDate "18.??.??"]
[WhiteTeam "Potemkine"]
[BlackTeam "Clichy"]

1. e4 e5 2. Nf3 Nc6 3. Bc4 Nf6 4. Ng5 d5 5. exd5 Nd4 6. c3 b5 7. cxd4 bxc4 8.
dxe5 Nxd5 9. Qa4+ Bd7 10. Qxc4 c6 11. Nf3 Nb6 12. Qe2 Bc5 13. d4 Bb4+ 14. Bd2
a5 15. O-O O-O 16. a3 Bxd2 17. Nbxd2 Re8 18. Ne4 Re6 19. Qd3 Rg6 20. Kh1 Be6
21. Ng3 Bc4 22. Qe4 Bxf1 23. Rxf1 Rh6 24. Rc1 Rc8 25. Nf5 Re6 26. Ne3 Na4 27.
b3 Nb6 28. d5 Re8 29. dxc6 Qe7 30. a4 Qa3 31. Qc2 Qe7 32. Nf5 Qe6 33. Nd6 Nd5
34. Nxc8 Rxc8 35. Ng5 Qh6 36. Qf5 Rb8 37. c7 Ne7 38. Qf4 Kh8 39. Nxf7+ 1-0

[Event "Top Jeunes"]
[Site "Mulhouse"]
[Date "2010.12.18"]
[Round "4.1"]
[White "Barbot, Pierre"]
[Black "Wurtz, Guillaume"]
[Result "1/2-1/2"]
[WhiteElo "2177"]
[BlackElo "1930"]
[PlyCount "59"]
[EventDate "18.??.??"]
[WhiteTeam "Sautron"]
[BlackTeam "Bischwiller"]

1. e4 c5 2. Nf3 Nc6 3. d4 cxd4 4. Nxd4 g6 5. c4 Bg7 6. Be3 Nf6 7. Nc3 d6 8. Be2
O-O 9. O-O Nxd4 10. Bxd4 Be6 11. Qd2 Qa5 12. Rac1 Nxe4 13. Qd3 Nxc3 14. Rxc3
Bxd4 15. Qxd4 Rfc8 16. Rfc1 Qc5 17. Qd2 Rc7 18. Bf3 Rac8 19. h3 a5 20. a3 Qb6
21. Be2 Qc5 22. Bf3 Qb6 23. Be2 Qc5 24. Bf3 Qb6 25. R3c2 a4 26. Rc3 Qa6 27. Qd4
b6 28. Be2 Rc5 29. Bd3 R5c7 30. Bf1 1/2-1/2

[Event "Top Jeunes"]
[Site "Mulhouse"]
[Date "2010.12.18"]
[Round "4.2"]
[White "Barbaras, Mathieu"]
[Black "Bapst, Valentin"]
[Result "1-0"]
[WhiteElo "2022"]
[BlackElo "1905"]
[PlyCount "89"]
[EventDate "18.??.??"]
[WhiteTeam "Bischwiller"]
[BlackTeam "Sautron"]

1. e4 c5 2. Nf3 Nc6 3. d4 cxd4 4. Nxd4 Nf6 5. Nc3 e5 6. Ndb5 d6 7. Bg5 a6 8.
Na3 b5 9. Nd5 Be7 10. Bxf6 Bxf6 11. c4 b4 12. Nc2 a5 13. g3 Bg5 14. h4 Bh6 15.
Bh3 Be6 16. Kf1 O-O 17. Kg2 Ra7 18. Qd3 Rb7 19. b3 Nb8 20. Nce3 Bxe3 21. Nxe3
Na6 22. Rad1 Rd7 23. Nf5 g6 24. Nh6+ Kg7 25. Bxe6 fxe6 26. Qe3 Nc5 27. f3 Qe7
28. Ng4 Kh8 29. Qg5 Qf7 30. Rhf1 Qg7 31. h5 gxh5 32. Qxh5 Rg8 33. Rd2 Nxe4 34.
fxe4 Qxg4 35. Qxg4 Rxg4 36. Rf6 Rg6 37. Rxg6 hxg6 38. Kf3 Kg7 39. c5 d5 40.
exd5 exd5 41. c6 Rf7+ 42. Ke3 d4+ 43. Ke4 Rc7 44. Kd5 Kf6 45. Kd6 1-0

[Event "Top Jeunes"]
[Site "Mulhouse"]
[Date "2010.12.18"]
[Round "4.3"]
[White "Le Pen, Steven"]
[Black "Bellahcene, Bilel"]
[Result "0-1"]
[WhiteElo "1793"]
[BlackElo "2140"]
[PlyCount "72"]
[EventDate "18.??.??"]
[WhiteTeam "Sautron"]
[BlackTeam "Bischwiller"]

1. e4 d6 2. d4 Nf6 3. Nc3 g6 4. f4 Bg7 5. Nf3 O-O 6. Bd3 Na6 7. O-O c5 8. d5
Qb6 9. Kh1 e6 10. Bc4 exd5 11. exd5 Bf5 12. a3 Rfe8 13. Rb1 Ng4 14. Bd2 Ne3 15.
Bxe3 Rxe3 16. Qd2 Rae8 17. Nh4 Bg4 18. g3 Qa5 19. Ne4 Qxd2 20. Nxd2 Nc7 21. Ng2
R3e7 22. a4 a6 23. Rfe1 Rxe1+ 24. Nxe1 b5 25. axb5 axb5 26. Bf1 Nxd5 27. Bxb5
Rb8 28. Bc4 Ne3 29. Bb3 d5 30. c3 c4 31. Ba4 Bf5 32. Rc1 Rxb2 33. Ndf3 Be4 34.
Kg1 Ra2 35. Bc6 Bf8 36. Nd4 Ba3 0-1

[Event "Top Jeunes"]
[Site "Mulhouse"]
[Date "2010.12.18"]
[Round "4.4"]
[White "Hoerdt, Audran"]
[Black "Terrazzoni, Claire"]
[Result "1-0"]
[WhiteElo "1587"]
[BlackElo "1490"]
[PlyCount "105"]
[EventDate "18.??.??"]
[WhiteTeam "Bischwiller"]
[BlackTeam "Sautron"]

1. e4 c5 2. Nf3 d6 3. d4 cxd4 4. Nxd4 Nf6 5. Nc3 g6 6. Be3 Bg7 7. f3 O-O 8. Qd2
Nc6 9. Bc4 Nxd4 10. Bxd4 Be6 11. Bxe6 fxe6 12. O-O-O Qa5 13. g4 b5 14. g5 Nh5
15. Bxg7 Kxg7 16. a3 Rab8 17. Nb1 b4 18. Rhf1 Qb6 19. axb4 a5 20. Qc3+ Kg8 21.
bxa5 Qb5 22. Na3 Qxg5+ 23. Kb1 Rfc8 24. Qd2 Qe5 25. Qd4 Qxa5 26. Rd3 Rb4 27.
Qe3 Rcb8 28. Rb3 Qa4 29. Ka2 Rxb3 30. cxb3 Qa6 31. Rc1 Nf6 32. Qc3 Qb6 33. Qd3
Nd7 34. Rc3 Nc5 35. Qc4 Kf7 36. e5 Na6 37. exd6 Nb4+ 38. Ka1 exd6 39. Qc7+ Qxc7
40. Rxc7+ Kg8 41. Rc6 d5 42. Rxe6 d4 43. Rd6 d3 44. Kb1 Re8 45. Kc1 Re2 46. h4
Na2+ 47. Kd1 Rxb2 48. Rxd3 Nb4 49. Rd8+ Kg7 50. Rb8 Rxb3 51. Nc2 Rd3+ 52. Ke2
Rd7 53. Nxb4 1-0

[Event "Top Jeunes"]
[Site "Mulhouse"]
[Date "2010.12.18"]
[Round "4.5"]
[White "Eugene, Floryan"]
[Black "Pluvinage, Jerome"]
[Result "1-0"]
[WhiteElo "1609"]
[BlackElo "1486"]
[PlyCount "60"]
[EventDate "18.??.??"]
[WhiteTeam "Sautron"]
[BlackTeam "Bischwiller"]

1. e4 c5 2. Nf3 d6 3. d4 cxd4 4. Nxd4 Nf6 5. Nc3 Qb6 6. Nb3 a6 7. Be3 Qc7 8. f3
e6 9. Qd2 b5 10. O-O-O Nbd7 11. Kb1 Bb7 12. g4 h6 13. h4 b4 14. Ne2 d5 15. exd5
Nxd5 16. Bf2 a5 17. Nbd4 a4 18. Nb5 Qc8 19. Ned4 Nc7 20. Be2 Nxb5 21. Bxb5 Bd5
22. Rhe1 Be7 23. Nf5 b3 24. Nxe7 bxc2+ 25. Qxc2 Bxa2+ 26. Kc1 Qxc2+ 27. Kxc2
Bb3+ 28. Kc1 Bxd1 29. Rxd1 Kxe7 30. Rxd7+ Kf6 {suite illisible} 1-0

[Event "Top Jeunes"]
[Site "Mulhouse"]
[Date "2010.12.18"]
[Round "4.6"]
[White "Schlegel, Nicolas"]
[Black "Machiels, Etienne"]
[Result "0-1"]
[WhiteElo "1600"]
[BlackElo "1573"]
[PlyCount "94"]
[EventDate "18.??.??"]
[WhiteTeam "Bischwiller"]
[BlackTeam "Sautron"]

1. e4 e5 2. Nf3 Nc6 3. Bc4 Bc5 4. c3 Nf6 5. d3 O-O 6. Bb3 d6 7. Nbd2 Nh5 8. Bc2
Nf4 9. O-O Bg4 10. Re1 Ne7 11. Nf1 Neg6 12. Ng3 Qf6 13. a4 a5 14. Be3 Nh4 15.
d4 exd4 16. cxd4 Bb4 17. Rf1 Nxf3+ 18. gxf3 Bh3 19. Qc1 Bxf1 20. Kxf1 Ne6 21.
f4 Nxd4 22. Nh5 Qh4 23. Bd1 Qh3+ 24. Kg1 Nf3+ 25. Bxf3 Qxf3 26. Ng3 c6 27. Qc2
Qg4 28. Rc1 h5 29. Kf1 Rad8 30. Qd3 d5 31. exd5 Rxd5 32. Qc2 Qg6 33. Qe2 Qg4
34. Qc2 Bd6 35. Qc4 Rd1+ 36. Rxd1 Qxd1+ 37. Kg2 Qd5+ 38. Qxd5 cxd5 39. Nxh5 Rc8
40. Ng3 Rc2 41. Nf5 Bc5 42. Bxc5 Rxc5 43. Ne3 d4 44. Nf1 d3 45. Kf3 Rc2 46. Ke3
Rxb2 47. Nd2 Ra2 0-1

[Event "Top Jeunes"]
[Site "Mulhouse"]
[Date "2010.12.18"]
[Round "4.7"]
[White "Trouve, Guillaume"]
[Black "Kantzer, Romain"]
[Result "1-0"]
[WhiteElo "1614"]
[BlackElo "1420"]
[PlyCount "79"]
[EventDate "18.??.??"]
[WhiteTeam "Sautron"]
[BlackTeam "Bischwiller"]

1. e4 e5 2. Nf3 Nc6 3. Bc4 Bc5 4. c3 Nf6 5. d3 d6 6. Nbd2 a6 7. Bb3 Ba7 8. h3
O-O 9. Nf1 Ne7 10. Ng3 Ng6 11. O-O Be6 12. Bg5 Bxb3 13. axb3 h6 14. Be3 Bxe3
15. fxe3 c6 16. Qd2 d5 17. exd5 cxd5 18. Kh1 Qc7 19. Qf2 Rad8 20. c4 e4 21.
dxe4 dxe4 22. Nd4 Ne5 23. Qf4 Rfe8 24. Ngf5 Qc8 25. Qg3 Ng6 26. Nd6 Qb8 27.
N4f5 Re6 28. Rad1 Rd7 29. c5 Re5 30. Nxh6+ gxh6 31. Rxf6 Rg5 32. Qf2 Ne5 33.
Rxh6 Qf8 34. Qh4 Qg7 35. Rd2 Nd3 36. Ne8 Qe5 37. Nf6+ Kg7 38. Nxd7 Qf5 39. Rf6
Qd5 40. Qh6+ 1-0

[Event "Top Jeunes"]
[Site "Mulhouse"]
[Date "2010.12.18"]
[Round "4.8"]
[White "Ragot Gaufreteau, Maelyss"]
[Black "Bellahcene, Meriem"]
[Result "1-0"]
[WhiteElo "1350"]
[BlackElo "1300"]
[PlyCount "38"]
[EventDate "18.??.??"]
[WhiteTeam "Sautron"]
[BlackTeam "Bischwiller"]

1. e4 e5 2. Nf3 Nc6 3. d4 exd4 4. Nxd4 Bc5 5. Nxc6 Qf6 6. Qd2 Qxc6 7. Nc3 Ne7
8. Bd3 O-O 9. O-O d6 10. Qe2 Re8 11. Bb5 Qb6 12. Bxe8 c6 13. Qf3 Be6 14. Bxf7+
Bxf7 15. b3 Rf8 16. Qd3 Bg6 17. Be3 d5 18. Na4 Qb4 19. Bxc5 Qxe4 1-0

[Event "Top Jeunes"]
[Site "Mulhouse"]
[Date "2010.12.18"]
[Round "4.9"]
[White "Bellahcene, Meriem"]
[Black "Trouve, Guillaume"]
[Result "0-1"]
[WhiteElo "1300"]
[BlackElo "1614"]
[PlyCount "46"]
[EventDate "18.??.??"]
[WhiteTeam "Bischwiller"]
[BlackTeam "Sautron"]

1. e4 c5 2. Nf3 e6 3. d4 cxd4 4. Nxd4 a6 5. Nc3 Qc7 6. Be2 Nf6 7. O-O Be7 8.
Re1 d6 9. b3 Qxc3 10. Be3 Nxe4 11. Bf3 d5 12. Ne2 Qc7 13. c4 Nf6 14. Rc1 Nc6
15. cxd5 exd5 16. Bxd5 Nxd5 17. Qxd5 Be6 18. Qf3 O-O 19. Nd4 Nxd4 20. Bxd4 Qd7
21. Rcd1 Bg4 22. Qg3 Bd6 23. Qh4 Bxd1 0-1

[Event "Top Jeunes"]
[Site "Mulhouse"]
[Date "2010.12.18"]
[Round "4.10"]
[White "Kantzer, Romain"]
[Black "Ragot Gaufreteau, Maelyss"]
[Result "1-0"]
[WhiteElo "1420"]
[BlackElo "1350"]
[PlyCount "41"]
[EventDate "18.??.??"]
[WhiteTeam "Bischwiller"]
[BlackTeam "Sautron"]

1. e4 c5 2. Nf3 d6 3. d4 cxd4 4. Nxd4 Nf6 5. Nc3 g6 6. Be3 Bg7 7. Be2 O-O 8.
O-O Nc6 9. Nb3 a6 10. f4 b5 11. Bf3 Bb7 12. Nd5 Nxd5 13. exd5 Na5 14. Nd4 Nc4
15. Bf2 Nxb2 16. Qe2 Nc4 17. Nc6 Qc7 18. Rab1 Kh8 19. Bh4 Bf6 20. Bxf6+ exf6
21. Qf2 {suite illisible} 1-0

[Event "Top Jeunes"]
[Site "Mulhouse"]
[Date "2010.12.18"]
[Round "4.1"]
[White "Msellek, Ilyass"]
[Black "Lemeille, Francois"]
[Result "1/2-1/2"]
[WhiteElo "2059"]
[BlackElo "2049"]
[PlyCount "111"]
[EventDate "18.??.??"]
[WhiteTeam "Villepinte"]
[BlackTeam "Bois-Colombes"]

1. d4 Nf6 2. Nf3 e6 3. e3 b6 4. Bd3 Bb7 5. Nbd2 c5 6. O-O cxd4 7. exd4 Be7 8.
b3 O-O 9. Bb2 d6 10. c4 Nbd7 11. Re1 Re8 12. Bb1 Nf8 13. Nf1 Qc7 14. Ng3 Ng6
15. Bxg6 hxg6 16. Rc1 Rac8 17. h4 Qb8 18. Re3 d5 19. Ne5 dxc4 20. bxc4 Qa8 21.
h5 g5 22. f3 Bd6 23. Ba3 Qb8 24. Qa4 Red8 25. Rd1 Bxa3 26. Qxa3 Nd7 27. Qa4
Nxe5 28. dxe5 Rxd1+ 29. Qxd1 Rxc4 30. Rd3 Bd5 31. Nf5 Qc7 32. Kf2 Rc2+ 33. Rd2
Rxd2+ 34. Qxd2 Qxe5 35. Ne7+ Kf8 36. Qb4 Ke8 37. h6 gxh6 38. Ng8 Kd7 39. Qe7+
Kc6 40. Qxa7 Qd4+ 41. Ke1 Qg1+ 42. Kd2 Qxg2+ 43. Ke1 Qg1+ 44. Ke2 Bc4+ 45. Kd2
Qd4+ 46. Kc1 Qa1+ 47. Kd2 Qxa2+ 48. Qxa2 Bxa2 49. Nxh6 f5 50. Nf7 g4 51. fxg4
fxg4 52. Ne5+ Kd5 53. Nxg4 e5 54. Kc3 Ke4 55. Kb4 Kd4 56. Nxe5 1/2-1/2